|
|
|
|
| LEADER |
00000cab a2200000 4500 |
| 001 |
vtls011511517 |
| 003 |
SK-MaSNL |
| 005 |
20260304220427.0 |
| 008 |
230704|1958 xo |||||||||||||||||slo| |
| 015 |
|
|
|a SNBRB
|
| 035 |
|
|
|a (urnnbn)urn:nbn:sk:snk:ar-00191x
|
| 035 |
|
|
|a (uuid)d328da96-f034-4b11-8e4b-9355b30ddc13
|
| 035 |
|
|
|a urn:nbn:sk:snk-abe23v
|
| 040 |
|
|
|a SNKBUCL
|b slo
|c SNKBUCL
|e AACR2
|
| 041 |
1 |
|
|a slo
|h pol
|
| 044 |
|
|
|a xo
|c SK
|
| 080 |
|
|
|a 821.162.1-1
|2 2011
|
| 100 |
1 |
|
|a Staff, Leopold,
|d 1878-1957
|4 aut
|9 151306
|
| 245 |
1 |
0 |
|a Štít
|c Leopold Staff ; preložil Pavol Horov
|
| 655 |
|
7 |
|a poľská poézia
|2 SNKPH
|9 70590
|
| 700 |
1 |
|
|a Horov, Pavol,
|d 1914-1975
|4 trl
|9 107789
|
| 773 |
0 |
|
|t Slovenské pohľady
|g Roč. 74, č. 7-8 (1958), s. 801-802
|
| 850 |
|
|
|a Slovenská národná knižnica
|
| 852 |
|
|
|a Slovenská národná knižnica
|
| 954 |
|
|
|a beletria cudzojazyčná (svetová)
|2 lita
|
| 958 |
|
|
|a LX
|
| 958 |
|
|
|a PL
|
| 958 |
|
|
|a UP
|
| 958 |
|
|
|a OND
|
| 958 |
|
|
|a EUIPO
|
| 958 |
|
|
|a article21
|
| 999 |
|
|
|c 3152002
|d 3153932
|